| 000 | 00518nam a2200169Ia 4500 | ||
|---|---|---|---|
| 999 |
_c26387 _d26387 |
||
| 003 | OSt | ||
| 005 | 20210112133951.0 | ||
| 008 | 190216s9999||||xx |||||||||||||| ||und|| | ||
| 040 | _coclc | ||
| 082 |
_a894.81 _bSPOT/M |
||
| 100 |
_aPotti, Chengarapalli Narayanan _98287 |
||
| 245 | 0 |
_aMalayala Sahithya Sarvaswam / _cChengarapalli Narayanan Potti |
|
| 260 |
_bKerala Sahithya Academy, _aTrissur: |
||
| 300 | _a991p | ||
| 650 | _aSahithyam | ||
| 942 |
_cBK _2ddc _h894.81 _iSPOT/M _k894.81 _mSPOT/M |
||